Catálogo
 En Linea

El derecho de asociación obrera en España (1839-1900) / (Registro nro. 43404)

Detalles MARC
000 -CABECERA
campo de control de longitud fija 00783nam a2200217 a 4500
001 - NÚMERO DE CONTROL
campo de control 000043915
005 - FECHA Y HORA DE LA ÚLTIMA TRANSACCIÓN
campo de control 20201002045037.0
008 - DATOS DE LONGITUD FIJA--INFORMACIÓN GENERAL
campo de control de longitud fija 140508s1975 sp 000 0 spa d
020 ## - NÚMERO INTERNACIONAL ESTÁNDAR DEL LIBRO
Número Internacional Estándar del Libro 8450069319
040 ## - FUENTE DE LA CATALOGACIÓN
Centro catalogador/agencia de origen DO-SdBNP
Lengua de catalogación spa
Centro/agencia transcriptor BNPHU
082 ## - NÚMERO DE LA CLASIFICACIÓN DECIMAL DEWEY
Número de clasificación xxxx
Número de documento/Ítem xxxx
100 1# - ENTRADA PRINCIPAL--NOMBRE DE PERSONA
Nombre de persona Alarcón Caracuel, Manuel Ramón,
Fechas asociadas al nombre 1945-
9 (RLIN) 71818
245 13 - MENCIÓN DE TÍTULO
Título El derecho de asociación obrera en España (1839-1900) /
Mención de responsabilidad, etc. Manuel R. Alarcón Caracuel.
260 ## - PUBLICACIÓN, DISTRIBUCIÓN, ETC.
Lugar de publicación, distribución, etc. Madrid :
Nombre del editor, distribuidor, etc. Revista de Trabajo,
Fecha de publicación, distribución, etc. 1975.
300 ## - DESCRIPCIÓN FÍSICA
Extensión 507 p ;
Dimensiones 20 cm.
490 1# - MENCIÓN DE SERIE
Mención de serie Historia
Designación de volumen o secuencia 16
500 ## - NOTA GENERAL
Nota general Incluye referencias bibliográficas y notas al pie de las páginas
500 ## - NOTA GENERAL
Nota general Incluye datos biográficos del autor en la solapa de la contracubierta
504 ## - NOTA DE BIBLIOGRAFÍA, ETC.
Nota de bibliografía, etc. Bibliografía : p. 485-490
830 #0 - PUNTO DE ACCESO ADICIONAL DE SERIE-TÍTULO UNIFORME
Título uniforme Historia ;
Número de parte o sección de la obra 16
9 (RLIN) 66978
Existencias
Estado de retiro Estado de pérdida Restricciones de uso No para préstamo Código de colección Localización permanente Ubicación/localización actual Ubicación en estantería Fecha de adquisición Número de inventario Total de préstamos Signatura topográfica completa Código de barras Fecha visto por última vez Precio válido a partir de Tipo de ítem Koha
      Excluido de préstamo Monografías: Libros y Folletos General General En catalogación 08.05.2014 LF1   xxxx xxxx 43915-10 25.06.2020 25.06.2020 No se presta

Con tecnología Koha